000 00390nam a22001457a 4500
008 250524b |||||||| |||| 00| 0 eng d
020 _a9789788454609
050 _aQA76.73
_b.O59
100 _aOneyedima, Ebele
245 _aJava simplified
260 _aAnambra
_bDe-emeralds printing & publishing
_c2021
300 _avii,169
650 _aJava ( computer program language )
942 _cBK
999 _c3652
_d3652